[Event "Minsk op"]
[Site "Minsk"]
[Date "2023.11.07"]
[Round "5"]
[White "Kavaleuski, Siarhei"]
[Black "Horbach, Vasili"]
[Result "0-1"]
[WhiteElo "1600"]
[BlackElo "1521"]
[PlyCount "108"]
[EventDate "2023.11.03"]
[EventType "swiss"]
[EventRounds "9"]
[EventCountry "BLR"]
[SourceTitle "CB46_2023"]
[SourceDate "2023.11.15"]
[SourceVersion "1"]
[SourceVersionDate "2023.11.15"]
[SourceQuality "1"]

1. Nf3 d5 2. g3 c6 3. Bg2 e6 4. 0-0 f5 5. d3 Nf6 6. Nbd2 Be7 7. b3 Nbd7 8. Bb2 0-0 9. c4 Bd6 10. Re1 e5 11. e4 fxe4 12. dxe4 d4 13. Bxd4 exd4 14. e5 Bxe5 15. Nxe5 Nxe5 16. Rxe5 Ng4 17. Re1 Nxf2 18. Qc2 Bf5 19. Ne4 Bxe4 20. Bxe4 Nxe4 21. Qxe4 Qd7 22. Qe6+ Qxe6 23. Rxe6 Rfe8 24. Rae1 Kf7 25. Rxe8 Rxe8 26. Rxe8 Kxe8 27. Kf2 c5 28. Kf3 Ke7 29. Ke4 Ke6 30. a4 a5 31. Kf4 g5+ 32. Ke4 h5 33. h3 b6 34. h4 gxh4 35. gxh4 Kf6 36. Kf4 d3 37. Ke3 d2 38. Kxd2 Kf5 39. Ke3 Kg4 40. Ke4 Kxh4 41. Kd5 Kg5 42. Kc6 h4 43. Kxb6 h3 44. Kxc5 h2 45. Kb5 h1Q 46. Kxa5 Qc6 47. Kb4 Kf5 48. Kc3 Ke5 49. a5 Qf3+ 50. Kb4 Kd4 51. a6 Qf8+ 52. Kb5 Qc5+ 53. Ka4 Kc3 54. b4 Qxb4# 0-1